[Event "2023 National K-12 Grade Championships"]
[Site "Orlando, Florida, United States"]
[Date "2023.12.16"]
[Round "4.19"]
[White "Degeest, Rocco Jan"]
[Black "Wang, Kyle Y"]
[Result "0-1"]
[TimeControl "G/90;d10"]
[WhiteElo "1844"]
[BlackElo "2078"]

1. e4 {[%clk 01:30:00]} e5 {[%clk 01:29:00]} {[%emt 00:01:10]} 2. Nc3 {[%clk
01:30:00]} {[%emt 00:00:07]} Nf6 {[%clk 01:28:32]} {[%emt 00:00:38]} 3. f4
{[%clk 01:30:00]} {[%emt 00:00:05]} d5 {[%clk 01:28:32]} {[%emt 00:00:03]} 4.
fxe5 {[%clk 01:30:00]} {[%emt 00:00:10]} Nxe4 {[%clk 01:28:12]} {[%emt
00:00:30]} 5. Qf3 {[%clk 01:30:00]} {[%emt 00:00:04]} Nc6 {[%clk 01:28:10]}
{[%emt 00:00:12]} 6. Bb5 {[%clk 01:30:00]} {[%emt 00:00:04]} Be6 {[%clk
01:27:58]} {[%emt 00:00:21]} 7. Nge2 {[%clk 01:29:32]} {[%emt 00:00:39]} Qh4+
{[%clk 01:26:59]} {[%emt 00:01:09]} 8. g3 {[%clk 01:29:06]} {[%emt 00:00:36]}
Ng5 {[%clk 01:26:47]} {[%emt 00:00:22]} 9. Qf4 {[%clk 01:28:08]} {[%emt
00:01:08]} Qxf4 {[%clk 01:25:05]} {[%emt 00:01:52]} 10. Nxf4 {[%clk 01:28:08]}
{[%emt 00:00:07]} Nf3+ {[%clk 01:23:53]} {[%emt 00:01:22]} 11. Kf2 {[%clk
01:27:24]} {[%emt 00:00:54]} Nfxe5 {[%clk 01:22:24]} {[%emt 00:01:39]} 12.
Ncxd5 {[%clk 01:25:42]} {[%emt 00:01:53]} Bxd5 {[%clk 01:20:41]} {[%emt
00:01:53]} 13. Nxd5 {[%clk 01:25:42]} {[%emt 00:00:09]} O-O-O {[%clk 01:20:26]}
{[%emt 00:00:25]} 14. Bxc6 {[%clk 01:24:51]} {[%emt 00:01:00]} Bc5+ {[%clk
01:19:57]} {[%emt 00:00:39]} 15. Ne3 {[%clk 01:23:51]} {[%emt 00:01:11]} Nxc6
{[%clk 01:19:51]} {[%emt 00:00:16]} 16. c3 {[%clk 01:23:49]} {[%emt 00:00:11]}
Bxe3+ {[%clk 01:18:06]} {[%emt 00:01:55]} 17. Kxe3 {[%clk 01:22:57]} {[%emt
00:01:03]} Rhe8+ {[%clk 01:18:06]} {[%emt 00:00:10]} 18. Kf2 {[%clk 01:22:57]}
{[%emt 00:00:07]} Rd3 {[%clk 01:17:04]} {[%emt 00:01:11]} 19. Re1 {[%clk
01:20:03]} {[%emt 00:03:04]} Ne5 {[%clk 01:11:01]} {[%emt 00:06:13]} 20. Ke2
{[%clk 01:18:45]} {[%emt 00:01:28]} Nf3+ {[%clk 01:08:59]} {[%emt 00:02:12]} 21.
Kxd3 {[%clk 01:18:45]} {[%emt 00:00:04]} Rxe1 {[%clk 01:08:42]} {[%emt
00:00:27]} 22. h4 {[%clk 01:16:24]} {[%emt 00:02:31]} Ng1 {[%clk 01:02:27]}
{[%emt 00:06:24]} 23. b3 {[%clk 01:15:28]} {[%emt 00:01:07]} Ne2 {[%clk
01:00:37]} {[%emt 00:02:00]} 24. Bb2 {[%clk 01:15:28]} {[%emt 00:00:05]} Rxa1
{[%clk 01:00:37]} {[%emt 00:00:09]} 25. Bxa1 {[%clk 01:15:28]} {[%emt
00:00:03]} Nxg3 {[%clk 01:00:37]} {[%emt 00:00:07]} 26. c4 {[%clk 01:15:28]}
{[%emt 00:00:03]} f6 {[%clk 01:00:22]} {[%emt 00:00:24]} 27. Kd4 {[%clk
01:14:08]} {[%emt 00:01:31]} Nf5+ {[%clk 00:59:42]} {[%emt 00:00:49]} 28. Kd5
{[%clk 01:14:08]} {[%emt 00:00:05]} Nxh4 {[%clk 00:59:42]} {[%emt 00:00:07]} 29.
Ke6 {[%clk 01:14:08]} {[%emt 00:00:04]} Nf3 {[%clk 00:59:18]} {[%emt 00:00:34]}
30. d4 {[%clk 01:12:14]} {[%emt 00:02:05]} Ng5+ {[%clk 00:59:07]} {[%emt
00:00:20]} 31. Ke7 {[%clk 01:12:14]} {[%emt 00:00:05]} h5 {[%clk 00:59:01]}
{[%emt 00:00:15]} 32. d5 {[%clk 01:12:07]} {[%emt 00:00:17]} Ne4 {[%clk
00:57:10]} {[%emt 00:02:01]} 33. Bd4 {[%clk 01:10:28]} {[%emt 00:01:50]} h4
{[%clk 00:56:40]} {[%emt 00:00:39]} 34. Bg1 {[%clk 01:07:19]} {[%emt 00:03:19]}
h3 {[%clk 00:55:05]} {[%emt 00:01:46]} 35. b4 {[%clk 01:06:50]} {[%emt
00:00:39]} b6 {[%clk 00:54:11]} {[%emt 00:01:03]} 36. Bh2 {[%clk 01:05:40]}
{[%emt 00:01:20]} g5 {[%clk 00:54:01]} {[%emt 00:00:20]} 37. a4 {[%clk
01:03:43]} {[%emt 00:02:07]} g4 {[%clk 00:53:47]} {[%emt 00:00:24]} 38. c5
{[%clk 01:03:35]} {[%emt 00:00:19]} bxc5 {[%clk 00:53:45]} {[%emt 00:00:11]} 39.
bxc5 {[%clk 01:03:35]} {[%emt 00:00:03]} Nxc5 {[%clk 00:53:18]} {[%emt
00:00:37]} 40. Kxf6 {[%clk 01:03:15]} {[%emt 00:00:30]} g3 {[%clk 00:53:18]}
{[%emt 00:00:05]} 41. Bg1 {[%clk 01:03:15]} {[%emt 00:00:03]} h2 {[%clk
00:53:18]} {[%emt 00:00:08]} 42. Bxc5 {[%clk 01:03:15]} {[%emt 00:00:02]} h1=Q
{[%clk 00:53:18]} {[%emt 00:00:08]} 43. Bxa7 {[%clk 01:03:15]} {[%emt
00:00:08]} Qxd5 {[%clk 00:53:11]} {[%emt 00:00:17]} 44. Ke7 {[%clk 01:03:15]}
{[%emt 00:00:04]} c5 {[%clk 00:53:11]} {[%emt 00:00:06]} 45. a5 {[%clk
01:03:15]} {[%emt 00:00:03]} g2 {[%clk 00:53:11]} {[%emt 00:00:04]} 46. a6
{[%clk 01:03:15]} {[%emt 00:00:02]} g1=Q {[%clk 00:53:11]} {[%emt 00:00:06]} 47.
Bxc5 {[%clk 01:03:15]} {[%emt 00:00:05]} Qg7+ {[%clk 00:53:11]} {[%emt
00:00:09]} 48. Ke8 {[%clk 01:03:15]} {[%emt 00:00:03]} Qdd7 {[%clk 00:53:11]}
{[%emt 00:00:07]} 0-1

[Event "2023 National K-12 Grade Championships"]
[Site "Orlando, Florida, United States"]
[Date "2023.12.16"]
[Round "4.20"]
[White "Chang, Leonhard"]
[Black "Chaudhury, Anmay Kumar"]
[Result "0-1"]
[TimeControl "G/90;d10"]
[WhiteElo "1843"]
[BlackElo "2019"]

1. d4 {[%clk 01:30:00]} {[%emt 00:00:08]} d5 {[%clk 01:30:00]} {[%emt
00:00:05]} 2. Nf3 {[%clk 01:30:00]} {[%emt 00:00:08]} e6 {[%clk 01:30:00]}
{[%emt 00:00:04]} 3. g3 {[%clk 01:30:00]} {[%emt 00:00:10]} h6 {[%clk
01:30:00]} {[%emt 00:00:04]} 4. Bg2 {[%clk 01:30:00]} {[%emt 00:00:04]} Nf6
{[%clk 01:30:00]} {[%emt 00:00:04]} 5. O-O {[%clk 01:30:00]} {[%emt 00:00:07]}
Bd6 {[%clk 01:30:00]} {[%emt 00:00:03]} 6. c4 {[%clk 01:30:00]} {[%emt
00:00:07]} Nc6 {[%clk 01:29:50]} {[%emt 00:00:20]} 7. b3 {[%clk 01:28:53]}
{[%emt 00:01:17]} O-O {[%clk 01:29:06]} {[%emt 00:00:53]} 8. Bb2 {[%clk
01:28:42]} {[%emt 00:00:23]} b6 {[%clk 01:26:30]} {[%emt 00:02:45]} 9. Nbd2
{[%clk 01:17:16]} {[%emt 00:11:36]} Bb7 {[%clk 01:20:23]} {[%emt 00:06:17]} 10.
e3 {[%clk 01:15:42]} {[%emt 00:01:43]} Re8 {[%clk 01:15:45]} {[%emt 00:04:49]}
11. Qe2 {[%clk 01:09:17]} {[%emt 00:06:35]} e5 {[%clk 01:07:46]} {[%emt
00:08:10]} 12. cxd5 {[%clk 01:06:32]} {[%emt 00:02:54]} Nxd5 {[%clk 01:06:19]}
{[%emt 00:01:37]} 13. dxe5 {[%clk 01:06:20]} {[%emt 00:00:22]} Nxe5 {[%clk
01:06:19]} {[%emt 00:00:08]} 14. Rfd1 {[%clk 01:05:50]} {[%emt 00:00:40]} Qe7
{[%clk 01:01:33]} {[%emt 00:04:57]} 15. Nc4 {[%clk 00:57:59]} {[%emt 00:08:01]}
Nxc4 {[%clk 00:56:00]} {[%emt 00:05:43]} 16. Qxc4 {[%clk 00:57:47]} {[%emt
00:00:20]} Nf6 {[%clk 00:55:13]} {[%emt 00:00:58]} 17. Rac1 {[%clk 00:42:52]}
{[%emt 00:15:05]} Rad8 {[%clk 00:47:49]} {[%emt 00:07:33]} 18. Qh4 {[%clk
00:35:52]} {[%emt 00:07:08]} Ne4 {[%clk 00:42:18]} {[%emt 00:05:45]} 19. Qxe7
{[%clk 00:34:32]} {[%emt 00:01:29]} Bxe7 {[%clk 00:36:13]} {[%emt 00:06:15]} 20.
Nd4 {[%clk 00:31:14]} {[%emt 00:03:29]} Bf6 {[%clk 00:32:18]} {[%emt 00:04:04]}
21. Rxc7 {[%clk 00:27:02]} {[%emt 00:04:21]} Re7 {[%clk 00:20:51]} {[%emt
00:11:38]} 22. Rxe7 {[%clk 00:26:38]} {[%emt 00:00:34]} Bxe7 {[%clk 00:20:51]}
{[%emt 00:00:01]} 23. Rc1 {[%clk 00:25:51]} {[%emt 00:00:57]} Bc5 {[%clk
00:20:30]} {[%emt 00:00:31]} 24. f3 {[%clk 00:21:24]} {[%emt 00:04:37]} Nf6
{[%clk 00:19:21]} {[%emt 00:01:18]} 25. Kf2 {[%clk 00:19:22]} {[%emt 00:02:13]}
Kf8 {[%clk 00:17:23]} {[%emt 00:02:08]} 26. Bf1 {[%clk 00:15:46]} {[%emt
00:03:46]} Nd5 {[%clk 00:16:42]} {[%emt 00:00:52]} 27. Bc4 {[%clk 00:14:27]}
{[%emt 00:01:28]} g6 {[%clk 00:16:22]} {[%emt 00:00:30]} 28. Bxd5 {[%clk
00:13:10]} {[%emt 00:01:28]} Rxd5 {[%clk 00:16:22]} {[%emt 00:00:06]} 29. Rd1
{[%clk 00:11:57]} {[%emt 00:01:22]} Ke7 {[%clk 00:15:53]} {[%emt 00:00:38]} 30.
Ke2 {[%clk 00:11:23]} {[%emt 00:00:45]} f5 {[%clk 00:14:58]} {[%emt 00:01:05]}
31. f4 {[%clk 00:10:21]} {[%emt 00:01:11]} g5 {[%clk 00:14:13]} {[%emt
00:00:55]} 32. Nc2 {[%clk 00:07:58]} {[%emt 00:02:33]} Rxd1 {[%clk 00:12:47]}
{[%emt 00:01:37]} 33. Kxd1 {[%clk 00:07:58]} {[%emt 00:00:06]} gxf4 {[%clk
00:12:47]} {[%emt 00:00:10]} 34. gxf4 {[%clk 00:07:32]} {[%emt 00:00:37]} Be4
{[%clk 00:12:21]} {[%emt 00:00:36]} 35. Bd4 {[%clk 00:06:38]} {[%emt 00:01:04]}
Bd6 {[%clk 00:11:45]} {[%emt 00:00:45]} 36. Kd2 {[%clk 00:06:16]} {[%emt
00:00:32]} Kf7 {[%clk 00:11:17]} {[%emt 00:00:38]} 37. Ne1 {[%clk 00:04:52]}
{[%emt 00:01:34]} Kg6 {[%clk 00:11:02]} {[%emt 00:00:25]} 38. Nd3 {[%clk
00:03:36]} {[%emt 00:01:26]} Kh5 {[%clk 00:11:02]} {[%emt 00:00:05]} 39. Nf2
{[%clk 00:03:36]} {[%emt 00:00:11]} Bf3 {[%clk 00:10:34]} {[%emt 00:00:39]} 40.
Kc3 {[%clk 00:03:24]} {[%emt 00:00:21]} Be7 {[%clk 00:10:11]} {[%emt 00:00:33]}
41. Kd2 {[%clk 00:02:58]} {[%emt 00:00:36]} Bh4 {[%clk 00:09:58]} {[%emt
00:00:23]} 42. Nh3 {[%clk 00:02:58]} {[%emt 00:00:03]} Bg4 {[%clk 00:09:31]}
{[%emt 00:00:37]} 43. Ng1 {[%clk 00:02:58]} {[%emt 00:00:05]} Bf2 {[%clk
00:09:25]} {[%emt 00:00:15]} 44. h3 {[%clk 00:01:13]} {[%emt 00:01:56]} Bxg1
{[%clk 00:09:08]} {[%emt 00:00:28]} 45. hxg4+ {[%clk 00:01:13]} {[%emt
00:00:01]} Kxg4 {[%clk 00:09:08]} {[%emt 00:00:02]} 46. Ke2 {[%clk 00:01:02]}
{[%emt 00:00:21]} h5 {[%clk 00:09:02]} {[%emt 00:00:15]} 47. Kf1 {[%clk
00:01:02]} {[%emt 00:00:09]} Bh2 {[%clk 00:09:02]} {[%emt 00:00:04]} 48. Kg2
{[%clk 00:00:35]} {[%emt 00:00:37]} Bg3 {[%clk 00:09:02]} {[%emt 00:00:04]} 49.
e4 {[%clk 00:00:30]} {[%emt 00:00:15]} fxe4 {[%clk 00:08:06]} {[%emt 00:01:06]}
50. f5 {[%clk 00:00:30]} {[%emt 00:00:01]} h4 {[%clk 00:08:06]} {[%emt
00:00:10]} 51. f6 {[%clk 00:00:30]} {[%emt 00:00:08]} h3+ {[%clk 00:08:06]}
{[%emt 00:00:03]} 52. Kg1 {[%clk 00:00:30]} {[%emt 00:00:06]} Kf3 {[%clk
00:06:38]} {[%emt 00:01:37]} 53. f7 {[%clk 00:00:08]} {[%emt 00:00:31]} Bd6
{[%clk 00:06:38]} {[%emt 00:00:03]} 54. Bg7 {[%clk 00:00:04]} {[%emt 00:00:15]}
e3 {[%clk 00:06:38]} {[%emt 00:00:09]} 55. f8=Q+ {[%emt 00:00:04]} Bxf8 {[%clk
00:06:38]} {[%emt 00:00:02]} 56. Bxf8 {[%clk 00:00:04]} {[%emt 00:00:01]} e2
{[%clk 00:06:38]} {[%emt 00:00:07]} 57. Bb4 {[%clk 00:00:04]} h2+ {[%clk
00:06:38]} {[%emt 00:00:03]} 58. Kxh2 {[%clk 00:00:04]} {[%emt 00:00:02]} Kf2
{[%clk 00:06:38]} {[%emt 00:00:04]} 59. Kh3 {[%clk 00:00:04]} {[%emt 00:00:06]}
e1=Q {[%clk 00:06:38]} {[%emt 00:00:04]} 60. Bxe1+ {[%clk 00:00:04]} {[%emt
00:00:01]} Kxe1 {[%clk 00:06:38]} {[%emt 00:00:07]} 61. Kg3 {[%clk 00:00:04]}
{[%emt 00:00:01]} Kd2 {[%clk 00:06:38]} {[%emt 00:00:09]} 62. Kf4 {[%clk
00:00:04]} Kc3 {[%clk 00:06:38]} {[%emt 00:00:06]} 63. Ke4 {[%clk 00:00:04]}
{[%emt 00:00:03]} Kb2 {[%clk 00:05:59]} {[%emt 00:00:50]} 64. Kd4 {[%clk
00:00:04]} {[%emt 00:00:01]} Kxa2 {[%clk 00:05:59]} {[%emt 00:00:06]} 65. Kc3
{[%clk 00:00:03]} {[%emt 00:00:11]} Ka3 {[%clk 00:05:59]} {[%emt 00:00:07]} 66.
Kc4 {[%clk 00:00:03]} {[%emt 00:00:01]} a5 {[%clk 00:05:57]} {[%emt 00:00:11]}
67. Kc3 {[%clk 00:00:03]} {[%emt 00:00:05]} b5 {[%clk 00:05:57]} {[%emt
00:00:03]} 68. Kc2 {[%clk 00:00:03]} {[%emt 00:00:03]} b4 {[%clk 00:05:57]}
{[%emt 00:00:04]} 69. Kb1 {[%emt 00:00:11]} Kxb3 {[%clk 00:05:57]} {[%emt
00:00:03]} 70. Ka1 {[%clk 00:00:03]} {[%emt 00:00:01]} a4 {[%clk 00:05:57]}
{[%emt 00:00:06]} 71. Kb1 {[%clk 00:00:03]} {[%emt 00:00:01]} a3 {[%clk
00:05:57]} {[%emt 00:00:05]} 72. Ka1 {[%clk 00:00:03]} {[%emt 00:00:01]} Kc2
{[%clk 00:05:57]} {[%emt 00:00:06]} 73. Ka2 {[%clk 00:00:03]} b3+ {[%emt
00:00:14]} 0-1

[Event "2023 National K-12 Grade Championships"]
[Site "Orlando, Florida, United States"]
[Date "2023.12.16"]
[Round "4.21"]
[White "Nemiroff, Samuel"]
[Black "Paragua, Megan Althea"]
[Result "0-1"]
[TimeControl "G/90;d10"]
[WhiteElo "1840"]
[BlackElo "2173"]

1. d4 {[%clk 01:30:00]} Nf6 {[%clk 01:30:00]} {[%emt 00:00:10]} 2. c4 {[%clk
01:30:00]} {[%emt 00:00:10]} e6 {[%clk 01:29:47]} {[%emt 00:00:24]} 3. Nc3
{[%clk 01:29:42]} {[%emt 00:00:29]} d5 {[%clk 01:29:47]} {[%emt 00:00:07]} 4.
cxd5 {[%clk 01:29:26]} {[%emt 00:00:25]} Nxd5 {[%clk 01:29:47]} {[%emt
00:00:07]} 5. e4 {[%clk 01:29:06]} {[%emt 00:00:31]} Nxc3 {[%clk 01:29:32]}
{[%emt 00:00:24]} 6. bxc3 {[%clk 01:29:05]} {[%emt 00:00:11]} c5 {[%clk
01:29:21]} {[%emt 00:00:21]} 7. Nf3 {[%clk 01:28:51]} {[%emt 00:00:25]} cxd4
{[%clk 01:29:06]} {[%emt 00:00:25]} 8. cxd4 {[%clk 01:28:37]} {[%emt 00:00:23]}
Bb4+ {[%clk 01:28:56]} {[%emt 00:00:20]} 9. Bd2 {[%clk 01:28:26]} {[%emt
00:00:21]} Bxd2+ {[%clk 01:28:21]} {[%emt 00:00:44]} 10. Qxd2 {[%clk 01:28:21]}
{[%emt 00:00:17]} O-O {[%clk 01:28:11]} {[%emt 00:00:19]} 11. Bc4 {[%clk
01:27:48]} {[%emt 00:00:42]} Nd7 {[%clk 01:27:04]} {[%emt 00:01:18]} 12. O-O
{[%clk 01:25:30]} {[%emt 00:02:28]} b6 {[%clk 01:25:52]} {[%emt 00:01:23]} 13.
Rfe1 {[%clk 01:24:57]} {[%emt 00:00:42]} Bb7 {[%clk 01:25:50]} {[%emt
00:00:12]} 14. Rad1 {[%clk 01:23:41]} {[%emt 00:01:26]} Nf6 {[%clk 01:24:23]}
{[%emt 00:01:37]} 15. Bd3 {[%clk 01:23:30]} {[%emt 00:00:22]} Qe7 {[%clk
01:18:56]} {[%emt 00:05:37]} 16. h3 {[%clk 01:19:13]} {[%emt 00:04:27]} Rfd8
{[%clk 01:16:23]} {[%emt 00:02:41]} 17. Qf4 {[%clk 01:10:00]} {[%emt 00:09:24]}
h6 {[%clk 01:12:59]} {[%emt 00:03:35]} 18. Bb1 {[%clk 01:04:58]} {[%emt
00:05:12]} Nh7 {[%clk 01:07:35]} {[%emt 00:05:32]} 19. Ne5 {[%clk 01:02:15]}
{[%emt 00:02:54]} Nf8 {[%clk 00:54:55]} {[%emt 00:12:51]} 20. Qg3 {[%clk
00:58:29]} {[%emt 00:03:54]} Qc7 {[%clk 00:47:37]} {[%emt 00:07:28]} 21. Rc1
{[%clk 00:53:07]} {[%emt 00:05:33]} Qd6 {[%clk 00:47:17]} {[%emt 00:00:31]} 22.
Red1 {[%clk 00:51:28]} {[%emt 00:01:48]} f6 {[%clk 00:46:07]} {[%emt 00:01:21]}
23. Ng4 {[%clk 00:48:57]} {[%emt 00:02:38]} Qxg3 {[%clk 00:45:15]} {[%emt
00:01:03]} 24. fxg3 {[%clk 00:48:47]} {[%emt 00:00:21]} Rd7 {[%clk 00:44:47]}
{[%emt 00:00:38]} 25. Ne3 {[%clk 00:48:05]} {[%emt 00:00:49]} Rad8 {[%clk
00:44:16]} {[%emt 00:00:44]} 26. Rc4 {[%clk 00:48:00]} {[%emt 00:00:14]} a5
{[%clk 00:43:15]} {[%emt 00:01:12]} 27. Kh2 {[%clk 00:46:47]} {[%emt 00:01:23]}
b5 {[%clk 00:39:42]} {[%emt 00:03:44]} 28. Rc5 {[%clk 00:46:28]} {[%emt
00:00:28]} Rxd4 {[%clk 00:39:42]} {[%emt 00:00:05]} 29. Rxb5 {[%clk 00:45:39]}
{[%emt 00:00:59]} Rxd1 {[%clk 00:38:05]} {[%emt 00:01:47]} 30. Nxd1 {[%clk
00:45:02]} {[%emt 00:00:48]} Ba6 {[%clk 00:38:05]} {[%emt 00:00:05]} 31. Rxa5
{[%clk 00:43:46]} {[%emt 00:01:26]} Rxd1 {[%clk 00:38:05]} {[%emt 00:00:03]} 32.
Rxa6 {[%clk 00:43:46]} {[%emt 00:00:07]} Rxb1 {[%clk 00:38:05]} {[%emt
00:00:04]} 33. Ra7 {[%clk 00:43:38]} {[%emt 00:00:19]} Rb4 {[%clk 00:38:02]}
{[%emt 00:00:13]} 34. a4 {[%clk 00:43:35]} {[%emt 00:00:12]} Rxe4 {[%clk
00:37:58]} {[%emt 00:00:14]} 35. a5 {[%clk 00:43:35]} {[%emt 00:00:03]} Ra4
{[%clk 00:37:51]} {[%emt 00:00:17]} 36. a6 {[%clk 00:43:35]} {[%emt 00:00:01]}
Kh7 {[%clk 00:37:51]} {[%emt 00:00:08]} 37. Rf7 {[%clk 00:42:54]} {[%emt
00:00:50]} Ng6 {[%clk 00:37:50]} {[%emt 00:00:12]} 38. a7 {[%clk 00:42:54]}
{[%emt 00:00:03]} h5 {[%clk 00:36:54]} {[%emt 00:01:07]} 39. Kg1 {[%clk
00:42:54]} {[%emt 00:00:07]} Ra2 {[%clk 00:36:41]} {[%emt 00:00:25]} 40. Kf1
{[%clk 00:42:54]} {[%emt 00:00:10]} e5 {[%clk 00:35:46]} {[%emt 00:01:06]} 41.
Ke1 {[%clk 00:42:27]} {[%emt 00:00:35]} e4 {[%clk 00:35:46]} {[%emt 00:00:08]}
42. Kf1 {[%clk 00:42:27]} {[%emt 00:00:06]} e3 {[%clk 00:35:46]} {[%emt
00:00:08]} 0-1

[Event "2023 National K-12 Grade Championships"]
[Site "Orlando, Florida, United States"]
[Date "2023.12.16"]
[Round "4.22"]
[White "Drucker, Ari Sejoon"]
[Black "Goodrich, Elliot"]
[Result "1/2-1/2"]
[TimeControl "G/90;d10"]
[WhiteElo "1822"]
[BlackElo "2051"]

1. d4 {[%clk 01:29:59]} {[%emt 00:00:42]} d5 {[%clk 01:30:00]} 2. c4 {[%clk
01:29:56]} c6 {[%clk 01:30:00]} 3. Nc3 {[%clk 01:29:56]} Nf6 {[%clk 01:30:00]}
{[%emt 00:00:14]} 4. Nf3 {[%clk 01:29:21]} {[%emt 00:00:36]} e6 {[%clk
01:29:52]} {[%emt 00:00:31]} 5. e3 {[%clk 01:29:08]} {[%emt 00:00:16]} Nbd7
{[%clk 01:29:52]} 6. Be2 {[%clk 01:29:08]} {[%emt 00:00:12]} Bd6 {[%clk
01:29:08]} {[%emt 00:01:08]} 7. O-O {[%clk 01:29:03]} O-O {[%clk 01:28:40]}
{[%emt 00:00:43]} 8. b3 {[%clk 01:28:54]} {[%emt 00:00:10]} b6 {[%clk
01:27:58]} {[%emt 00:00:51]} 9. Bb2 {[%clk 01:28:52]} {[%emt 00:00:21]} Bb7
{[%clk 01:27:54]} {[%emt 00:00:11]} 10. Bd3 {[%clk 01:28:14]} {[%emt 00:00:45]}
Re8 {[%clk 01:22:12]} {[%emt 00:06:23]} 11. e4 {[%clk 01:27:26]} {[%emt
00:00:27]} dxe4 {[%clk 01:21:56]} {[%emt 00:00:24]} 12. Nxe4 {[%clk 01:26:33]}
{[%emt 00:01:16]} Be7 {[%clk 01:19:25]} {[%emt 00:02:27]} 13. Nxf6+ {[%clk
01:20:20]} {[%emt 00:06:30]} Bxf6 {[%clk 01:18:25]} {[%emt 00:02:11]} 14. Qc2
{[%clk 01:19:57]} h6 {[%clk 01:17:25]} {[%emt 00:01:01]} 15. Rad1 {[%clk
01:19:23]} {[%emt 00:00:18]} Qc7 {[%clk 01:16:30]} {[%emt 00:01:09]} 16. Be4
{[%clk 01:17:11]} {[%emt 00:02:26]} Rad8 {[%clk 01:14:06]} {[%emt 00:02:29]} 17.
Rfe1 {[%clk 01:14:46]} {[%emt 00:02:39]} c5 {[%clk 01:10:07]} {[%emt 00:04:02]}
18. Bxb7 {[%clk 01:07:13]} {[%emt 00:08:29]} Qxb7 {[%clk 01:08:28]} {[%emt
00:01:04]} 19. d5 {[%clk 01:04:32]} {[%emt 00:02:51]} exd5 {[%clk 01:06:08]}
{[%emt 00:02:29]} 20. Rxe8+ {[%clk 01:01:25]} {[%emt 00:04:06]} Rxe8 {[%clk
01:06:08]} 21. cxd5 {[%clk 01:00:55]} {[%emt 00:00:55]} Bxb2 {[%clk 01:01:52]}
{[%emt 00:03:54]} 22. Qxb2 {[%clk 01:00:23]} {[%emt 00:00:49]} Qa6 {[%clk
01:01:17]} {[%emt 00:00:23]} 23. h3 {[%clk 00:58:37]} {[%emt 00:02:04]} b5
{[%clk 00:59:15]} {[%emt 00:02:00]} 24. Qc2 {[%clk 00:56:37]} {[%emt 00:02:25]}
Qd6 {[%clk 00:56:50]} {[%emt 00:02:19]} 25. Qd3 {[%clk 00:53:00]} {[%emt
00:03:44]} a6 {[%clk 00:55:19]} {[%emt 00:01:41]} 26. Nh2 {[%clk 00:47:04]}
{[%emt 00:06:05]} Nb6 {[%clk 00:50:47]} {[%emt 00:04:42]} 27. Nf1 {[%clk
00:44:47]} {[%emt 00:02:53]} g6 {[%clk 00:46:46]} {[%emt 00:03:59]} 28. Ne3
{[%clk 00:43:54]} {[%emt 00:01:23]} h5 {[%clk 00:44:31]} {[%emt 00:01:51]} 29.
Qd2 {[%clk 00:36:48]} {[%emt 00:07:11]} f5 {[%clk 00:29:45]} {[%emt 00:15:03]}
30. g3 {[%clk 00:35:20]} {[%emt 00:02:05]} Nd7 {[%clk 00:28:09]} {[%emt
00:01:18]} 31. Ng2 {[%clk 00:34:24]} {[%emt 00:01:10]} Kh7 {[%clk 00:26:56]}
{[%emt 00:01:29]} 32. Nf4 {[%clk 00:33:52]} {[%emt 00:01:03]} Nf6 {[%clk
00:25:43]} {[%emt 00:02:14]} 33. Qb2 {[%clk 00:32:58]} g5 {[%clk 00:23:50]}
{[%emt 00:01:45]} 34. Ng2 {[%clk 00:32:12]} {[%emt 00:01:05]} Ne4 {[%clk
00:23:07]} {[%emt 00:01:29]} 35. Qe2 {[%clk 00:31:08]} {[%emt 00:00:59]} Qg6
{[%clk 00:21:35]} {[%emt 00:02:56]} 36. Qf3 {[%clk 00:29:59]} Nd6 {[%clk
00:20:57]} {[%emt 00:00:24]} 37. h4 {[%clk 00:29:04]} {[%emt 00:01:26]} Re4
{[%clk 00:19:53]} {[%emt 00:00:53]} 1/2-1/2